header

Harnessing quality for competitiveness in Eastern Europe and Central Asia (Record no. 115251)

MARC details
000 -LEADER
fixed length control field 01392nam a2200349 a 4500
082 04 - DEWEY DECIMAL CLASSIFICATION NUMBER
Classification number 658.4/013
245 00 - TITLE STATEMENT
Title Harnessing quality for competitiveness in Eastern Europe and Central Asia
260 ## - PUBLICATION, DISTRIBUTION, ETC. (IMPRINT)
Place of publication Washington, D.C. :
Name of publisher World Bank,
Year of publication c2011.
300 ## - PHYSICAL DESCRIPTION
Number of Pages xxiv, 330 p. :
Other physical details ill. (some col.), col. maps.
650 #0 - SUBJECT ADDED ENTRY--TOPICAL TERM
Topical Term Quality of products
Topical Term Quality of products
Topical Term Competition, International.
700 1# - ADDED ENTRY--PERSONAL NAME
Personal name Racine, Jean-Louis.
856 40 - ELECTRONIC LOCATION AND ACCESS
Uniform Resource Identifier http://site.ebrary.com/lib/rucke/Doc?id=10476323

No items available.

© 2026 Rongo University
Contact us: librarian | system librarian | Rongo university